Extinção do ato administrativo (Registro nro. 313379)

Detalles MARC
000 -ENCABEZADO
Número de control [NR] 00603 a2200157 4500
005 - FECHA Y HORA DE LA ÚLTIMA TRANSACCIÓN
control field 20190909121043.0
008 - DE LONGITUD FIJA DE DATOS DE ELEMENTOS - INFORMACIÓN GENERAL
Elementos de longitud fija [NR] 190613b1978 bl ||||| |||| 00| 0 spa d
040 ## - FUENTE DE CATALOGACION [NR]
Agencia de catalogación original [NR] CO-BoUCM
Idioma de catalogación [NR] spa
Quien Cataloga Oscar Ávila (modificó)
Quien Clasifica Oscar Ávila (modificó)
041 0# - CODIGO DE IDIOMA [R]
Código de idioma para texto/pista de sonido o título separado [R] Portugués
100 10 - ASIENTO PRINCIPAL--NOMBRE PERSONAL [NR]
Nombre personal [NR] Cintra do Amaral, António Carlos
ID Autoridad 97265
245 10 - MENCION DE TITULO [NR]
Título [NR] Extinção do ato administrativo
Mención de responsabilidad, etc. [NR] Antonio Carlos Cintra do Amaral
260 ## - PUBLICACION, DISTRIBUCION, ETC. (PIE DE IMPRENTA) [R]
Nombre del editor, distribuidor, etc. [R] Editora revista dos tribunais
Fecha de publicación, distribución, etc. [R] 1978
Lugar de publicación, distribución, etc. [R] Sao Paulo
Fecha de fabricación [R] 1978
650 #7 - ASIENTO SECUNDARIO DE MATERIA - TERMINO TEMATICO [R]
9 (RLIN) 8462
Término temático o nombre geográfico como elemento de entrada [NR] Actos administrativos
Subdivisión geográfica [R] Brasil
942 ## - ELEMENTOS DE ENTRADA AGREGADOS (KOHA)
Tipo de ítem principal el descrito en 300a Libro
Sistema de clasificación DEWEY
Tema principal Ciencia política
Edición 1
Clasificación 349.81
Parte restante de la signatura top. C575e
Título oculto en OPAC No
Existencias
Total préstamos Signatura topográfica Código de barras Última vez visto Ejemplar Costo de reposición Price effective from Tipo de ítem Perdido Sistema de clasificación Dañado No prestable Tipo de ítem específico Suprimido Ubicación habitual Ubicación actual Localización Fecha de creación Proveedor Forma de adquisición Costo
  349.81 C575e 100161289 06/12/2024 Ej.1 0.00 13/06/2019 Libro   DEWEY     Libro   BodegaJK Claustro Préstamo 2 días después de solicitado 13/06/2019 12 Donación 0.00